005010000a22001690004500020001500000060000800015082001900023100001700042245003700059250000600096260002900102260000900131650004800140942000700188999001900195952011700214 a0029138418 a100 a302.340 72 HAR aHare, Paul A aHandbook of small group research a2 aNew York, The free press c1962 aSmall group - research/ social interactions cBK c360877d360877 00104070aKAUCOAVbKAUCOAVd2014-05-02l0o302.340 72 HARpKAU_COAV-20305r2014-05-02 00:00:00w2014-05-02yBK